<?xml version="1.0" encoding="UTF-8"?>
<record
    xmlns:xsi="http://www.w3.org/2001/XMLSchema-instance"
    xsi:schemaLocation="http://www.loc.gov/MARC21/slim http://www.loc.gov/standards/marcxml/schema/MARC21slim.xsd"
    xmlns="http://www.loc.gov/MARC21/slim">

  <leader>01763njm a2200349Ia 4500</leader>
  <controlfield tag="001">26495</controlfield>
  <controlfield tag="003">IT-RoPAU</controlfield>
  <controlfield tag="005">20220918181158.0</controlfield>
  <controlfield tag="008">131025s9999    xx            000 0 und d</controlfield>
  <datafield tag="040" ind1=" " ind2=" ">
    <subfield code="a">IT-RoPAU</subfield>
  </datafield>
  <datafield tag="040" ind1=" " ind2=" ">
    <subfield code="c">IT-RoPAU</subfield>
  </datafield>
  <datafield tag="999" ind1=" " ind2=" ">
    <subfield code="c">102759</subfield>
    <subfield code="d">102759</subfield>
  </datafield>
  <datafield tag="999" ind1=" " ind2=" ">
    <subfield code="b">NO</subfield>
  </datafield>
  <datafield tag="100" ind1=" " ind2=" ">
    <subfield code="a">Restagno Enzo</subfield>
    <subfield code="9">14371</subfield>
  </datafield>
  <datafield tag="100" ind1=" " ind2=" ">
    <subfield code="e">Autore testo</subfield>
    <subfield code="9">15770</subfield>
  </datafield>
  <datafield tag="100" ind1=" " ind2=" ">
    <subfield code="g">Codice autore testo SPICS: 11113</subfield>
    <subfield code="9">14373</subfield>
  </datafield>
  <datafield tag="245" ind1=" " ind2=" ">
    <subfield code="a">Biennale musica 1985: Europa 50/80 generazioni a confronto-3</subfield>
  </datafield>
  <datafield tag="250" ind1=" " ind2=" ">
    <subfield code="a">1a ed.</subfield>
  </datafield>
  <datafield tag="260" ind1=" " ind2=" ">
    <subfield code="a">ROMA</subfield>
  </datafield>
  <datafield tag="260" ind1=" " ind2=" ">
    <subfield code="b">SPICS RECORDS</subfield>
    <subfield code="c">1985 [1a Ed.:1985]</subfield>
  </datafield>
  <datafield tag="300" ind1=" " ind2=" ">
    <subfield code="a">MUSICASSETTA</subfield>
  </datafield>
  <datafield tag="300" ind1=" " ind2=" ">
    <subfield code="c">90 minuti (Testo:  pag.)</subfield>
  </datafield>
  <datafield tag="500" ind1=" " ind2=" ">
    <subfield code="a">Musica strumentale.</subfield>
  </datafield>
  <datafield tag="505" ind1=" " ind2=" ">
    <subfield code="a">Assai per orchestra - Musica notturna per orchestra - Le soleil des eaux, cantata per soprano coro e orchestra - Improvisation III: a la nue accablante tu - Cummings Ist Der Dichter per 16 voci soliste e strumentale - Varianti per violino solo archi e legni</subfield>
  </datafield>
  <datafield tag="511" ind1=" " ind2=" ">
    <subfield code="a">Orchestra Sinfonica di Sudwestfunk di Baden-Baden</subfield>
  </datafield>
  <datafield tag="650" ind1=" " ind2=" ">
    <subfield code="a">STRUMENTALE [CASSETTE]</subfield>
    <subfield code="e">Codice MATERIA SPICS: 9951</subfield>
    <subfield code="9">1218</subfield>
  </datafield>
  <datafield tag="700" ind1=" " ind2=" ">
    <subfield code="a">Dusapin Pascal</subfield>
    <subfield code="d">Codice autore musica SPICS: 10496</subfield>
    <subfield code="e">Autore musica</subfield>
    <subfield code="p">Assai per orchestra</subfield>
    <subfield code="9">15771</subfield>
  </datafield>
  <datafield tag="700" ind1=" " ind2=" ">
    <subfield code="a">Encinar Ramon</subfield>
    <subfield code="d">Codice autore musica SPICS: 9894</subfield>
    <subfield code="e">Autore musica</subfield>
    <subfield code="p">Musica notturna per orchestra</subfield>
    <subfield code="9">15772</subfield>
  </datafield>
  <datafield tag="700" ind1=" " ind2=" ">
    <subfield code="a">Boulez Pierre</subfield>
    <subfield code="d">Codice autore musica SPICS: 8911</subfield>
    <subfield code="e">Autore musica</subfield>
    <subfield code="p">Le soleil des eaux, cantata per soprano coro e orchestra - Improvisation III: a la nue accablante tu - Cummings Ist Der Dichter per 16 voci soliste e strumentale</subfield>
    <subfield code="9">15773</subfield>
  </datafield>
  <datafield tag="700" ind1=" " ind2=" ">
    <subfield code="a">Nono Luigi</subfield>
    <subfield code="d">Codice autore musica SPICS: 10797</subfield>
    <subfield code="e">Autore musica</subfield>
    <subfield code="p">Varianti per violino solo archi e legni</subfield>
    <subfield code="9">15774</subfield>
  </datafield>
  <datafield tag="700" ind1=" " ind2=" ">
    <subfield code="a">Restagno Enzo</subfield>
    <subfield code="d">Codice autore SPICS: 11113</subfield>
    <subfield code="e">Autore</subfield>
    <subfield code="9">15775</subfield>
  </datafield>
  <datafield tag="942" ind1=" " ind2=" ">
    <subfield code="c">MC</subfield>
    <subfield code="2">ddc</subfield>
  </datafield>
  <datafield tag="952" ind1=" " ind2=" ">
    <subfield code="0">0</subfield>
    <subfield code="1">0</subfield>
    <subfield code="4">0</subfield>
    <subfield code="6">26495_000000000000000</subfield>
    <subfield code="7">1</subfield>
    <subfield code="a">SPICS</subfield>
    <subfield code="b">SPICS</subfield>
    <subfield code="d">2013-10-25</subfield>
    <subfield code="l">0</subfield>
    <subfield code="o">26495</subfield>
    <subfield code="r">2013-10-25 00:00:00</subfield>
    <subfield code="w">2013-10-25</subfield>
    <subfield code="y">MC</subfield>
    <subfield code="z">Progr. Ins.: 6054 / N.Vol.: 1 / Copie: 1 - Copia rara: NO / date import: 01.01.2014 - By Epidotti, Trombetti, Vaglietti</subfield>
  </datafield>
</record>
